|
|
|
|
| LEADER |
00000cam a2200000 7i4500 |
| 001 |
0000007770 |
| 005 |
20080115.0 |
| 008 |
070906 |
| 020 |
|
|
|a 0141316918
|
| 090 |
0 |
0 |
|a LLE
|b ENG
|
| 100 |
1 |
|
|a Llewellyn, Sam
|
| 245 |
1 |
0 |
|a Little darlings
|c Sam Llewellyn;illustrated by David Roberts
|
| 260 |
|
|
|a London :
|b Puffin Books ,
|c 2004
|
| 650 |
|
0 |
|a English fiction
|
| 650 |
|
0 |
|a Novel
|
| 700 |
1 |
|
|a Roberts,David
|
| 999 |
|
|
|a 0000991367
|b Book
|c Teenagers
|e Perbadanan Perpustakaan Awam Johor
|
| 999 |
|
|
|a 0000991368
|b Book
|c Teenagers
|e Perbadanan Perpustakaan Awam Johor
|
| 999 |
|
|
|a 0000991369
|b Book
|c Teenagers
|e Perbadanan Perpustakaan Awam Johor
|